| 000 | 00361nam a2200133Ia 4500 | ||
|---|---|---|---|
| 999 |
_c10862 _d10862 |
||
| 008 | 191201s2009 xx 000 0 und d | ||
| 100 | _aAGGARWAL, Vir Bala | ||
| 245 | 0 | _aHandbook of Journalism and Mass Communication | |
| 250 | _aRep | ||
| 260 |
_aNew Delhi _bConcept Pub _c2002 |
||
| 300 | _a474 | ||
| 650 | _aBachelor of Mass Communication | ||
| 942 |
_2ddc _cBK |
||